[Event "Acropolis 2007"]
[Site "Athens"]
[Date "2007.08.14"]
[Round "1.1"]
[White "Krivec, Jana"]
[Black "Georgiev, Kiril"]
[Result "0-1"]
[WhiteElo "2340"]
[BlackElo "2663"]
[Annotator "Michailidis Anastasios"]
[PlyCount "162"]
[EventDate "2007.08.14"]
[Source "Greek Chess Fed"]

1. e4 e5 2. Nc3 Nf6 3. g3 Bc5 4. Bg2 d6 5. Nge2 Nc6 6. d3 Be6 7. Nd5 Bxd5 8.
exd5 Nd4 9. Nxd4 Bxd4 10. c3 Bb6 11. Bg5 h6 12. Bxf6 Qxf6 13. Qa4+ Kf8 14. O-O
h5 15. Kh1 h4 16. Qg4 Rh6 17. f4 hxg3 18. Qxg3 Re8 19. Rae1 Qh4 20. Qxh4 Rxh4
21. fxe5 dxe5 22. b4 g6 23. Re2 Re7 24. Rb1 a6 25. Rbe1 f6 26. d4 a5 27. a3 a4
28. dxe5 Rxe5 29. Rxe5 fxe5 30. Re4 Rh5 31. Bf3 Rf5 32. Kg2 Ke7 33. b5 Kd6 34.
Rxa4 g5 35. Rg4 Be3 36. c4 Kc5 37. h4 gxh4 38. Rxh4 Rf7 39. Re4 Bd4 40. Be2 Rf8
41. Kg3 Ra8 42. Kg4 Rxa3 43. Kf5 Rh3 44. Ke6 Rh6+ 45. Kd7 Rh7+ 46. Ke6 b6 47.
Rg4 Kb4 48. Rg3 Bc5 49. Kf5 Rf7+ 50. Ke4 Rf4+ 51. Kd3 Rxc4 52. Kd2 Rf4 53. Rc3
Bd6 54. Kc2 Rf2 55. Re3 Kc5 56. Kc3 Rh2 57. Bf1 Rh4 58. Rd3 e4 59. Rd1 Be5+ 60.
Kb3 Rh2 61. Rc1+ Kxd5 62. Bc4+ Kd4 63. Rd1+ Ke3 64. Re1+ Kf4 65. Rf1+ Ke3 66.
Re1+ Kf4 67. Rf1+ Kg5 68. Re1 Rh3+ 69. Ka2 Kf4 70. Bd5 Re3 71. Rf1+ Kg3 72. Rf8
Bd6 73. Re8 Kf4 74. Kb2 Be5+ 75. Kb1 Re2 76. Kc1 e3 77. Rf8+ Kg5 78. Rg8+ Kf6
79. Rg2 Re1+ 80. Kc2 e2 81. Kd2 Rd1+ 0-1

[Event "Acropolis 2007"]
[Site "Athens"]
[Date "2007.08.14"]
[Round "1.3"]
[White "Burtasova, Anna"]
[Black "Svetushkin, Dmitry"]
[Result "1/2-1/2"]
[WhiteElo "2337"]
[BlackElo "2618"]
[Annotator "Michailidis Anastasios"]
[PlyCount "65"]
[EventDate "2007.08.14"]
[Source "Greek Chess Fed"]

1. e4 c5 2. c3 e6 3. d4 d5 4. e5 Nc6 5. Nf3 Bd7 6. a3 c4 7. Nbd2 Na5 8. Rb1 Ne7
9. b4 cxb3 10. Nxb3 Nec6 11. Bd3 Be7 12. O-O Nxb3 13. Qxb3 Na5 14. Qc2 Rc8 15.
Bxh7 Qc7 16. Bd3 Qxc3 17. Qe2 Qc7 18. Bd2 Nc4 19. Bb4 Ba4 20. Bxc4 dxc4 21. d5
exd5 22. e6 O-O 23. exf7+ Rxf7 24. Ne5 Bf6 25. Ng6 Bg5 26. Rbe1 Bh6 27. Qh5 Bc6
28. Re7 Rxe7 29. Nxe7+ Kh8 30. Ng6+ Kg8 31. Ne7+ Kh8 32. Ng6+ Kg8 33. Ne7+
1/2-1/2

[Event "Acropolis 2007"]
[Site "Athens"]
[Date "2007.08.14"]
[Round "1.4"]
[White "Gelashvili, Tamaz"]
[Black "Goritsas, Christos"]
[Result "1-0"]
[WhiteElo "2604"]
[BlackElo "2327"]
[Annotator "Michailidis Anastasios"]
[PlyCount "43"]
[EventDate "2007.08.14"]
[Source "Greek Chess Fed"]

1. d4 Nf6 2. c4 c5 3. e3 e6 4. Nf3 a6 5. Nc3 d5 6. cxd5 exd5 7. Be2 Nc6 8. O-O
Bd6 9. dxc5 Bxc5 10. b3 O-O 11. Bb2 Ba7 12. Rc1 Re8 13. Rc2 d4 14. exd4 Nxd4
15. Nxd4 Qxd4 16. Rd2 Qh4 17. Bf3 Bg4 18. h3 Bxf3 19. Qxf3 Ne4 20. Rd7 f6 21.
Nxe4 Qxe4 22. Rxg7+ 1-0

[Event "Acropolis 2007"]
[Site "Athens"]
[Date "2007.08.14"]
[Round "1.8"]
[White "Graf, Alexander"]
[Black "Gogolis, Alexandros"]
[Result "1-0"]
[WhiteElo "2595"]
[BlackElo "2289"]
[Annotator "Michailidis Anastasios"]
[PlyCount "105"]
[EventDate "2007.08.14"]
[Source "Greek Chess Fed"]

1. d4 d5 2. c4 c6 3. Nc3 Nf6 4. cxd5 cxd5 5. Bf4 Nc6 6. e3 a6 7. Be2 e6 8. Nf3
Be7 9. O-O O-O 10. Ne5 Bd7 11. Bd3 Na7 12. Qe2 Qb6 13. Bg5 Bc6 14. Rac1 Rae8
15. Nxc6 Nxc6 16. Na4 Qa7 17. a3 Nd7 18. Bf4 Nxd4 19. Qh5 Nf6 20. Qh3 Nc6 21.
Nc3 Rc8 22. e4 dxe4 23. Nxe4 Nxe4 24. Bxe4 g6 25. Bxc6 Rxc6 26. Rxc6 bxc6 27.
Qc3 Rd8 28. Qxc6 Qd4 29. Bc1 Qd3 30. h3 Bf6 31. b4 Qb5 32. Qf3 Bg7 33. Rd1 Rd5
34. Be3 h5 35. Rc1 Qd7 36. Qe2 a5 37. Rb1 axb4 38. axb4 Qb5 39. Qxb5 Rxb5 40.
Kf1 Kf8 41. Ke2 Ke8 42. Kd3 Kd7 43. Kc4 Kc6 44. Bc5 Be5 45. Rb3 Rb7 46. b5+ Kc7
47. f4 Bf6 48. Rd3 g5 49. b6+ Kc8 50. fxg5 Bxg5 51. Kb5 Rd7 52. Ra3 Rd2 53. Kc6
1-0

[Event "Acropolis 2007"]
[Site "Athens"]
[Date "2007.08.14"]
[Round "1.9"]
[White "Fakhiridou, Ekaterini"]
[Black "Halkias, Stelios"]
[Result "0-1"]
[WhiteElo "2284"]
[BlackElo "2580"]
[Annotator "Michailidis Anastasios"]
[PlyCount "92"]
[EventDate "2007.08.14"]
[Source "Greek Chess Fed"]

1. e4 e6 2. d4 d5 3. exd5 exd5 4. Bd3 Bd6 5. Qf3 Ne7 6. Ne2 O-O 7. Bg5 Nbc6 8.
c3 h6 9. Bh4 f5 10. Bxe7 Nxe7 11. Nd2 c6 12. O-O-O f4 13. Qh5 Bf5 14. Nf3 Qd7
15. Bxf5 Nxf5 16. Rhe1 Rae8 17. Kb1 Qf7 18. Qxf7+ Kxf7 19. Nc1 g5 20. Nd3 Kg7
21. Nfe5 Nh4 22. g3 Ng6 23. Kc2 Bxe5 24. dxe5 Re7 25. Re2 g4 26. gxf4 Nxf4 27.
Nxf4 Rxf4 28. Rd4 Ref7 29. Kb3 Kf8 30. e6 Rxd4 31. cxd4 Rf3+ 32. Kc2 Ke7 33.
Kd2 Rf6 34. Kd3 a5 35. Rc2 Kxe6 36. Re2+ Kd6 37. Kd2 Rf4 38. Kd3 Rf3+ 39. Kd2
Rh3 40. Re8 Rxh2 41. Ke3 h5 42. Rg8 a4 43. Rg7 b5 44. Rg5 Kc7 45. a3 Rh3+ 46.
Kd2 Rf3 0-1

[Event "Acropolis 2007"]
[Site "Athens"]
[Date "2007.08.14"]
[Round "1.10"]
[White "Chatalbashev, Boris"]
[Black "Skalkotas, Nikolaos"]
[Result "1-0"]
[WhiteElo "2573"]
[BlackElo "2275"]
[Annotator "Michailidis Anastasios"]
[PlyCount "69"]
[EventDate "2007.08.14"]
[Source "Greek Chess Fed"]

1. d4 e6 2. c4 Bb4+ 3. Nc3 f5 4. e3 Nf6 5. Bd3 Bxc3+ 6. bxc3 d6 7. Nh3 c5 8.
O-O e5 9. f3 Nc6 10. Qc2 Ne7 11. Bd2 O-O 12. Be1 Kh8 13. Rd1 Qc7 14. Bh4 h6 15.
f4 e4 16. Be2 Neg8 17. Nf2 Be6 18. d5 Bd7 19. h3 Qc8 20. Kh2 Qe8 21. Rb1 Rb8
22. g4 Nh7 23. gxf5 Bxf5 24. Bg4 g6 25. Rg1 Ngf6 26. Rg2 Qf7 27. Rbg1 Rg8 28.
Qa4 Bxg4 29. Bxf6+ Nxf6 30. Nxg4 Nxg4+ 31. Rxg4 b6 32. Qc2 Qf5 33. Qf2 Rbf8 34.
Qh4 Kh7 35. Qe7+ 1-0

[Event "Acropolis 2007"]
[Site "Athens"]
[Date "2007.08.14"]
[Round "1.11"]
[White "Makropoulou, Marina"]
[Black "Banikas, Hristos"]
[Result "1/2-1/2"]
[WhiteElo "2266"]
[BlackElo "2567"]
[Annotator "Michailidis Anastasios"]
[PlyCount "82"]
[EventDate "2007.08.14"]
[Source "Greek Chess Fed"]

1. e4 c5 2. Nf3 d6 3. d4 Nf6 4. Nc3 cxd4 5. Nxd4 a6 6. Bg5 e6 7. f4 Qb6 8. Qd2
Qxb2 9. Rb1 Qa3 10. e5 dxe5 11. fxe5 Nfd7 12. Ne4 Qxa2 13. Rd1 Qd5 14. Qe3 Qxe5
15. Be2 h6 16. Bh4 Nc6 17. Nxc6 bxc6 18. O-O Bb4 19. c3 Be7 20. Qf3 f5 21. Qh5+
Kd8 22. Nd6 Rf8 23. Bg3 g6 24. Qxg6 f4 25. Rxf4 Bxd6 26. Rxf8+ Nxf8 27. Bxe5
Nxg6 28. Bxd6 Bd7 29. Bh5 Ne7 30. Bf4 Nd5 31. Bd2 Be8 32. Bf3 h5 33. c4 Nc7 34.
Bg5+ Kc8 35. h4 a5 36. Be7 a4 37. Ba3 Rb8 38. Ra1 Na6 39. Bd6 Rb6 40. g4 c5 41.
Be5 Rb3 1/2-1/2

[Event "Acropolis 2007"]
[Site "Athens"]
[Date "2007.08.14"]
[Round "1.12"]
[White "Rozentalis, Eduardas"]
[Black "Nikolaou, Georgios"]
[Result "1-0"]
[WhiteElo "2551"]
[BlackElo "2257"]
[Annotator "Michailidis Anastasios"]
[PlyCount "63"]
[EventDate "2007.08.14"]
[Source "Greek Chess Fed"]

1. d4 Nf6 2. Nf3 g6 3. Bg5 Bg7 4. Nbd2 c5 5. Bxf6 Bxf6 6. Ne4 Qb6 7. Nxf6+ Qxf6
8. e3 b6 9. Be2 Bb7 10. O-O O-O 11. a4 a5 12. d5 d6 13. c3 e6 14. Bc4 Ba6 15.
Nd2 e5 16. f4 e4 17. Bxa6 Nxa6 18. f5 Qg5 19. Rf4 gxf5 20. Nxe4 Qe7 21. Ng3
Qxe3+ 22. Rf2 Nc7 23. Nxf5 Qg5 24. h4 Qf6 25. Qh5 Kh8 26. Nh6 Qg6 27. Nxf7+ Kg7
28. Qxg6+ Kxg6 29. Raf1 Kg7 30. Rf3 h6 31. Rg3+ Kh7 32. Rf6 1-0

[Event "Acropolis 2007"]
[Site "Athens"]
[Date "2007.08.14"]
[Round "1.13"]
[White "Stiri, Alexandra"]
[Black "Romanishin, Oleg M"]
[Result "0-1"]
[WhiteElo "2251"]
[BlackElo "2546"]
[Annotator "Michailidis Anastasios"]
[PlyCount "108"]
[EventDate "2007.08.14"]
[Source "Greek Chess Fed"]

1. e4 e5 2. Nf3 Nc6 3. d4 exd4 4. Nxd4 Bc5 5. Be3 Qf6 6. c3 Qg6 7. Nxc6 Bxe3 8.
Nd4 Bh6 9. Nf5 Ne7 10. Nxh6 Qxh6 11. Bd3 Ng6 12. O-O O-O 13. Re1 Ne5 14. Na3 d6
15. Nc4 Bg4 16. f3 Be6 17. Nxe5 dxe5 18. Qe2 Rfd8 19. Red1 Rd6 20. Bc4 Bxc4 21.
Qxc4 Rad8 22. Rxd6 Qxd6 23. Kf1 g6 24. Qe2 h5 25. Ke1 Qb6 26. Kf1 a5 27. b3 Qd6
28. Rc1 c6 29. Rc2 b5 30. Ke1 Qc5 31. Qf2 Qxf2+ 32. Kxf2 Rd1 33. Ke2 Ra1 34.
Kd3 Kf8 35. c4 b4 36. Ke2 Ke7 37. Rd2 Ke6 38. Rc2 Kd6 39. c5+ Kc7 40. Kd2 Kb7
41. Kd3 Ka6 42. f4 exf4 43. Rf2 Kb5 44. Kd4 f6 45. Rxf4 Rxa2 46. g3 Rd2+ 47.
Ke3 Rb2 48. Rxf6 Kxc5 49. Rxg6 Rxb3+ 50. Kf4 a4 51. Rg5+ Kb6 52. e5 a3 53. e6
a2 54. e7 a1=Q 0-1

[Event "Acropolis 2007"]
[Site "Athens"]
[Date "2007.08.14"]
[Round "1.14"]
[White "Parligras, Mircea"]
[Black "Petritaj, Fotjon"]
[Result "1-0"]
[WhiteElo "2542"]
[BlackElo "2250"]
[Annotator "Michailidis Anastasios"]
[PlyCount "73"]
[EventDate "2007.08.14"]
[Source "Greek Chess Fed"]

1. e4 e6 2. d4 d5 3. Nd2 c5 4. Ngf3 Nc6 5. exd5 exd5 6. Bb5 Bd6 7. O-O Nge7 8.
dxc5 Bxc5 9. Nb3 Bd6 10. c3 O-O 11. Bd3 h6 12. h3 Bd7 13. Re1 Qc7 14. Be3 Rad8
15. Nbd4 Bf4 16. Nb5 Qb8 17. Bxf4 Qxf4 18. Nxa7 Nxa7 19. Rxe7 Nc6 20. Re1 Rfe8
21. Rxe8+ Rxe8 22. Bb5 Qf5 23. Qd3 Qxd3 24. Bxd3 Kf8 25. Kf1 Ke7 26. Bb5 Kd6
27. Rd1 Kc5 28. a4 Ne5 29. b4+ Kd6 30. c4 Bc6 31. c5+ Kc7 32. Re1 f6 33. Nd4
Ra8 34. f4 Ng6 35. Ne6+ Kd7 36. Bd3 Ne5 37. Bf5 1-0

[Event "Acropolis 2007"]
[Site "Athens"]
[Date "2007.08.14"]
[Round "1.15"]
[White "Pountzas, Hrisanthos"]
[Black "Mastrovasilis, Dimitrios"]
[Result "0-1"]
[WhiteElo "2238"]
[BlackElo "2541"]
[Annotator "Michailidis Anastasios"]
[PlyCount "50"]
[EventDate "2007.08.14"]
[Source "Greek Chess Fed"]

1. c4 Nf6 2. Nc3 e6 3. e4 d5 4. e5 Ne4 5. Nf3 Nc6 6. Be2 Be7 7. O-O O-O 8. d4
b6 9. cxd5 exd5 10. Qc2 Nb4 11. Qb3 c5 12. dxc5 bxc5 13. a3 Nxc3 14. bxc3 Nc6
15. Qc2 Be6 16. c4 d4 17. Bd3 g6 18. Bf4 Rb8 19. Rfe1 Rb6 20. Nd2 Qc7 21. Bg3
Rfb8 22. f4 Rb2 23. Qd1 Na5 24. f5 gxf5 25. Rf1 Bg5 0-1

[Event "Acropolis 2007"]
[Site "Athens"]
[Date "2007.08.14"]
[Round "1.16"]
[White "Mastrovasilis, Athanasios"]
[Black "Seretakis, Nikolas"]
[Result "1-0"]
[WhiteElo "2538"]
[BlackElo "2233"]
[Annotator "Michailidis Anastasios"]
[PlyCount "71"]
[EventDate "2007.08.14"]
[Source "Greek Chess Fed"]

1. c4 e6 2. Nf3 Nf6 3. g3 d5 4. b3 Be7 5. Bb2 O-O 6. Bg2 c5 7. O-O Nc6 8. e3 d4
9. exd4 cxd4 10. Re1 Ne8 11. Na3 f6 12. Nc2 d3 13. Ncd4 e5 14. Nxc6 bxc6 15.
Nh4 Qb6 16. Qf3 Bc5 17. Rf1 g5 18. Nf5 Bxf5 19. Qxf5 Nd6 20. Qxd3 Rad8 21. Qc2
Rf7 22. Rae1 a5 23. Bc3 Rg7 24. Re2 Nb7 25. Qf5 Rf7 26. Qe4 Rc8 27. h4 Nd6 28.
Qg4 h6 29. Qh5 Rg7 30. Qxh6 Rf8 31. hxg5 Nf5 32. Qh2 Rxg5 33. Be4 Kg7 34. Bxf5
Rxf5 35. Re4 Rh8 36. Rg4+ 1-0

[Event "Acropolis 2007"]
[Site "Athens"]
[Date "2007.08.14"]
[Round "1.17"]
[White "Sioris, Georgios"]
[Black "Nikolaidis, Ioannis"]
[Result "0-1"]
[WhiteElo "2229"]
[BlackElo "2525"]
[Annotator "Michailidis Anastasios"]
[PlyCount "70"]
[EventDate "2007.08.14"]
[Source "Greek Chess Fed"]

1. e4 c6 2. d4 d5 3. f3 Nd7 4. Nc3 dxe4 5. fxe4 e5 6. Nf3 Bd6 7. Bc4 Ngf6 8.
Bg5 Qa5 9. O-O exd4 10. Bxf6 gxf6 11. e5 Bxe5 12. Ne4 Kd8 13. Nxe5 Qxe5 14. Qf3
Re8 15. Nxf6 Nxf6 16. Qxf6+ Qxf6 17. Rxf6 Be6 18. Bd3 Ke7 19. Raf1 h5 20. R6f4
Rad8 21. b3 Rg8 22. Bf5 Rg7 23. Re1 Rd5 24. Bd3 Rg4 25. Rf2 Kd6 26. Rf6 Ra5 27.
a4 Rag5 28. Re2 Kc5 29. Bc4 Bxc4 30. bxc4 Kxc4 31. Rxf7 Rg7 32. Rf5 R4g5 33.
Rxg5 Rxg5 34. Re7 Kc3 35. Re2 Rf5 0-1

[Event "Acropolis 2007"]
[Site "Athens"]
[Date "2007.08.14"]
[Round "1.18"]
[White "Barsov, Alexei"]
[Black "Draci, Robert"]
[Result "1-0"]
[WhiteElo "2517"]
[BlackElo "2228"]
[Annotator "Michailidis Anastasios"]
[PlyCount "61"]
[EventDate "2007.08.14"]
[Source "Greek Chess Fed"]

1. d4 d5 2. c4 e6 3. Nc3 Nf6 4. cxd5 exd5 5. Bg5 Be7 6. e3 O-O 7. Bd3 Nbd7 8.
Nge2 h6 9. Bh4 b6 10. f3 Bb7 11. Bf2 c5 12. g4 cxd4 13. exd4 Ne8 14. h4 Bd6 15.
Nb5 Bb4+ 16. Kf1 a6 17. Nbc3 Bd6 18. Ng3 Bxg3 19. Bxg3 Nc7 20. g5 g6 21. Qc2
Ne6 22. Bxg6 Nxd4 23. Bh7+ Kh8 24. Qd3 Nxf3 25. Qxf3 Kxh7 26. Bd6 Rg8 27. Re1
Nc5 28. Qf5+ Rg6 29. h5 Qxd6 30. hxg6+ fxg6 31. Qf7+ 1-0

[Event "Acropolis 2007"]
[Site "Athens"]
[Date "2007.08.14"]
[Round "1.20"]
[White "Dembo, Yelena"]
[Black "Exizoglou, Dimitrios"]
[Result "1/2-1/2"]
[WhiteElo "2464"]
[BlackElo "2224"]
[Annotator "Michailidis Anastasios"]
[PlyCount "93"]
[EventDate "2007.08.14"]
[Source "Greek Chess Fed"]

1. e4 d5 2. exd5 Qxd5 3. Nc3 Qa5 4. d4 c6 5. Bd2 Nf6 6. Ne4 Qb6 7. Nxf6+ gxf6
8. Bc3 Bf5 9. Ne2 e6 10. Qd2 Nd7 11. Ng3 Bg6 12. f4 Bd6 13. Be2 Qc7 14. Rf1 Rg8
15. O-O-O f5 16. Bb4 O-O-O 17. Bxd6 Qxd6 18. Rf3 Qc7 19. c4 Nc5 20. Ra3 a6 21.
Qe3 Ne4 22. Rad3 Rd7 23. Bf3 Nf6 24. h3 Rgd8 25. Ne2 Bh5 26. Bxh5 Nxh5 27. g4
Nf6 28. g5 Ne4 29. Kb1 Qb6 30. Nc1 Qb4 31. c5 Qa5 32. Nb3 Qc7 33. Rc1 Rd5 34.
Rcd1 R8d7 35. Nc1 Qd8 36. Kc2 Qa5 37. a3 Qb5 38. b3 Kc7 39. a4 Qa5 40. Na2 Kc8
41. Kb2 Kb8 42. Ka3 Rd8 43. b4 Qc7 44. a5 R8d7 45. Nc1 Qd8 46. Nb3 Qh8 47. Na1
1/2-1/2

[Event "Acropolis 2007"]
[Site "Athens"]
[Date "2007.08.14"]
[Round "1.24"]
[White "Managadze, Nikoloz"]
[Black "Sorokina, Anastasia"]
[Result "1-0"]
[WhiteElo "2433"]
[BlackElo "2208"]
[Annotator "Michailidis Anastasios"]
[PlyCount "109"]
[EventDate "2007.08.14"]
[Source "Greek Chess Fed"]

1. Nf3 Nf6 2. b3 d6 3. Bb2 e5 4. e3 Be7 5. c4 c6 6. d3 a5 7. c5 Nbd7 8. cxd6
Bxd6 9. Be2 O-O 10. O-O Re8 11. Nbd2 b5 12. a4 Qb6 13. Qc2 h6 14. h3 Bb7 15.
Rfc1 Bb4 16. d4 e4 17. Ne5 Rad8 18. Nxe4 Nxe4 19. Qxe4 Nxe5 20. dxe5 Rd2 21.
Bd3 Rxb2 22. Qh7+ Kf8 23. Qh8+ Ke7 24. Qxg7 c5 25. e6 Qxe6 26. Qxb2 Rg8 27. Bf1
Qd5 28. f3 Bd2 29. Rd1 Bxe3+ 30. Kh1 Bd4 31. Qe2+ Qe6 32. Qxe6+ fxe6 33. Rac1
Bd5 34. Rb1 b4 35. Bc4 Bxc4 36. bxc4 e5 37. g4 Rf8 38. Kg2 Rf4 39. Re1 Bc3 40.
Re4 Rxe4 41. fxe4 Kf6 42. Rf1+ Kg6 43. Rf3 Kg7 44. h4 Kg6 45. Kf1 Bd4 46. Ke2
Kg7 47. Kd1 Bg1 48. Kc2 Bd4 49. Rf5 Kg6 50. Rf8 Be3 51. Ra8 b3+ 52. Kxb3 Bd2
53. Ra6+ Kg7 54. Rb6 Be1 55. Rb5 1-0

[Event "Acropolis 2007"]
[Site "Athens"]
[Date "2007.08.14"]
[Round "1.26"]
[White "Erdogdu, Mert"]
[Black "Spirakopoulos, Ioannis"]
[Result "1-0"]
[WhiteElo "2423"]
[BlackElo "2204"]
[Annotator "Michailidis Anastasios"]
[PlyCount "77"]
[EventDate "2007.08.14"]
[Source "Greek Chess Fed"]

1. e4 e6 2. d4 d5 3. Nc3 Bb4 4. e5 c5 5. a3 Bxc3+ 6. bxc3 Ne7 7. Qg4 Qc7 8.
Qxg7 Rg8 9. Qxh7 cxd4 10. Ne2 Nbc6 11. f4 Bd7 12. Qd3 dxc3 13. Qxc3 O-O-O 14.
Rg1 Nf5 15. g4 d4 16. Qc5 Nh4 17. Rg3 Be8 18. Bd2 f6 19. exf6 Rd5 20. Qc4 Bf7
21. Bh3 e5 22. g5+ Kb8 23. f5 Rd6 24. Qb5 a6 25. Qb2 Bc4 26. Rb1 b5 27. a4 Qb7
28. axb5 axb5 29. Qa3 Rgd8 30. Nc1 Na7 31. Kf2 Qh1 32. Ra1 R6d7 33. Ne2 Qxh2+
34. Bg2 Nxg2 35. Rh3 Rh8 36. Rxh2 Rxh2 37. Kg1 Rdh7 38. f7 Rh1+ 39. Kf2 1-0

[Event "Acropolis 2007"]
[Site "Athens"]
[Date "2007.08.14"]
[Round "1.27"]
[White "Zografos, Achileas"]
[Black "Morchiashvili, Bachana"]
[Result "0-1"]
[WhiteElo "2201"]
[BlackElo "2415"]
[Annotator "Michailidis Anastasios"]
[PlyCount "42"]
[EventDate "2007.08.14"]
[Source "Greek Chess Fed"]

1. e4 c6 2. c4 d5 3. exd5 cxd5 4. cxd5 Nf6 5. Nc3 Nxd5 6. Nf3 Nxc3 7. bxc3 g6
8. h4 Qd5 9. h5 gxh5 10. d4 Bg7 11. Bd3 Nc6 12. Rb1 Bg4 13. Kf1 O-O-O 14. Qc2
e5 15. c4 Qd7 16. d5 Ne7 17. Ng5 Nf5 18. f3 Nd4 19. fxg4 Nxc2 20. Bf5 hxg4 21.
Bxd7+ Rxd7 0-1

[Event "Acropolis 2007"]
[Site "Athens"]
[Date "2007.08.14"]
[Round "1.31"]
[White "Goumas, Georgios"]
[Black "Dzagnidze, Nana"]
[Result "0-1"]
[WhiteElo "2183"]
[BlackElo "2404"]
[Annotator "Michailidis Anastasios"]
[PlyCount "56"]
[EventDate "2007.08.14"]
[Source "Greek Chess Fed"]

1. e4 c5 2. Nf3 d6 3. d4 cxd4 4. Nxd4 Nf6 5. Nc3 a6 6. Qf3 g6 7. h3 Bg7 8. Be3
Bd7 9. g4 Nc6 10. O-O-O Rc8 11. Qg3 b5 12. g5 Nh5 13. Qh2 O-O 14. f4 Nxd4 15.
Bxd4 e5 16. fxe5 Qxg5+ 17. Kb1 dxe5 18. Rg1 Qf4 19. Qxf4 Nxf4 20. Bc5 Rxc5 21.
Rxd7 Rfc8 22. Bd3 Nxh3 23. Rf1 Ng5 24. Nd5 Bf8 25. b4 R5c6 26. Ra7 Rd8 27. a4
bxa4 28. c4 Bxb4 0-1

[Event "Acropolis 2007"]
[Site "Athens"]
[Date "2007.08.14"]
[Round "1.32"]
[White "Krivoborodov, Egor"]
[Black "Pavlidis, Anastasios"]
[Result "1/2-1/2"]
[WhiteElo "2403"]
[BlackElo "2182"]
[Annotator "Michailidis Anastasios"]
[PlyCount "140"]
[EventDate "2007.08.14"]
[Source "Greek Chess Fed"]

1. e4 c5 2. Nf3 d6 3. d4 Nf6 4. Nc3 cxd4 5. Nxd4 g6 6. Be3 Bg7 7. f3 O-O 8. Qd2
Nc6 9. Bc4 Bd7 10. h4 h5 11. O-O-O Ne5 12. Bb3 Rc8 13. Bg5 Rc5 14. Kb1 Re8 15.
Rhe1 Qc8 16. Nd5 Nxd5 17. Bxd5 Nc4 18. Bxc4 Rxc4 19. Nb3 b5 20. Bh6 Bxh6 21.
Qxh6 Rxc2 22. g4 hxg4 23. Rc1 Rxc1+ 24. Rxc1 Qb7 25. h5 gxf3 26. Nd2 Bc6 27.
Nxf3 Bxe4+ 28. Ka1 Bxf3 29. hxg6 e5 30. g7 f5 31. Qh8+ Kf7 32. Qxe8+ Kxg7 33.
Qd8 Kg6 34. Qxd6+ Kg5 35. Qxe5 Bg4 36. a3 Qe4 37. Qxb5 Qe3 38. Qc4 f4 39. Qg8+
Kf5 40. Qc8+ Kg5 41. Rc5+ Kh4 42. Qh8+ Kg3 43. Rc3 Qxc3 44. bxc3 f3 45. Qe5+
Kg2 46. Qe4 Kg3 47. Qd3 Kg2 48. Qc4 Bh3 49. Qg8+ Kh2 50. Qf7 Kg2 51. Qb7 Kh2
52. Qxa7 Kg2 53. Qg7+ Kh2 54. Qe5+ Kg2 55. Qe4 Kg3 56. Qe3 Kg2 57. Qg5+ Kh2 58.
Qd2+ Kg3 59. Qg5+ Kh2 60. Qf4+ Kg2 61. Kb2 f2 62. c4 f1=Q 63. Qxf1+ Kxf1 64.
Kc3 Ke2 65. c5 Bd7 66. Kb4 Kd3 67. a4 Kd4 68. a5 Bc6 69. a6 Kd5 70. a7 Kd4
1/2-1/2

[Event "Acropolis 2007"]
[Site "Athens"]
[Date "2007.08.14"]
[Round "1.34"]
[White "Erturan, Yakup"]
[Black "Filippas, Sebastian"]
[Result "1/2-1/2"]
[WhiteElo "2389"]
[BlackElo "2145"]
[Annotator "Michailidis Anastasios"]
[PlyCount "48"]
[EventDate "2007.08.14"]
[Source "Greek Chess Fed"]

1. e4 c5 2. Nf3 d6 3. c3 Nf6 4. Bd3 Nc6 5. Bc2 Bg4 6. d3 e6 7. Nbd2 Be7 8. Nf1
d5 9. Qe2 Qc7 10. Bd2 h6 11. h3 Bh5 12. O-O-O O-O-O 13. g4 Bg6 14. Nh4 Bh7 15.
Ng2 c4 16. dxc4 Bxe4 17. Bxe4 dxe4 18. Ng3 Ne5 19. Bf4 Rxd1+ 20. Rxd1 g5 21.
Bxe5 Qxe5 22. Kc2 Rd8 23. Rxd8+ Bxd8 24. b4 Bc7 1/2-1/2

[Event "Acropolis 2007"]
[Site "Athens"]
[Date "2007.08.14"]
[Round "1.35"]
[White "Makka, Evanthia"]
[Black "Atakisi, Umut"]
[Result "0-1"]
[WhiteElo "2107"]
[BlackElo "2383"]
[Annotator "Michailidis Anastasios"]
[PlyCount "144"]
[EventDate "2007.08.14"]
[Source "Greek Chess Fed"]

1. d4 Nf6 2. Nf3 g6 3. c3 Bg7 4. Bf4 O-O 5. h3 d5 6. e3 b6 7. Nbd2 c5 8. Bd3
Bb7 9. O-O Nc6 10. Ne5 Nd7 11. Nxc6 Bxc6 12. Nf3 Re8 13. Be2 Qc8 14. Qd3 a5 15.
a4 Qb7 16. Rfb1 f6 17. Bh2 e5 18. Qd1 Nf8 19. Qb3 Kh8 20. Bb5 Rac8 21. Bxc6
Qxc6 22. Rd1 e4 23. Ne1 c4 24. Qa3 Red8 25. Rdc1 Ne6 26. b3 Bf8 27. Qb2 Bd6 28.
Bxd6 Rxd6 29. b4 Ra8 30. Rcb1 f5 31. Qc2 f4 32. bxa5 bxa5 33. Rb5 Rf8 34. Qe2
fxe3 35. fxe3 Rd7 36. Rxa5 Rdf7 37. Nc2 h5 38. Nb4 Qc7 39. Ra6 Qg3 40. Rxe6 Rf2
41. Rxg6 Qxg6 42. Qxf2 Rxf2 43. Kxf2 Qf6+ 44. Kg1 Qh6 45. Nc2 Kg7 46. a5 Qa6
47. Nb4 Qh6 48. Nxd5 Qg5 49. Nf4 Qb5 50. a6 Qb2 51. Ra5 Qxc3 52. Rg5+ Kf7 53.
Rf5+ Kg8 54. Rg5+ Kf7 55. Rf5+ Ke8 56. Re5+ Kd8 57. Nd5 Qa1+ 58. Kh2 c3 59. Nb4
c2 60. Nxc2 Qxa6 61. Nb4 Qg6 62. Rd5+ Kc7 63. Rc5+ Kb7 64. Rb5+ Kc8 65. Rc5+
Kd7 66. Nd5 h4 67. Rc7+ Kd8 68. Rc8+ Kd7 69. Rc7+ Ke8 70. Rc8+ Kf7 71. Rc7+ Ke8
72. Rc8+ Kd7 0-1

[Event "Acropolis 2007"]
[Site "Athens"]
[Date "2007.08.14"]
[Round "1.36"]
[White "Melia, Salome"]
[Black "Stefanidi, Maria Anna"]
[Result "1-0"]
[WhiteElo "2372"]
[BlackElo "2092"]
[Annotator "Michailidis Anastasios"]
[PlyCount "49"]
[EventDate "2007.08.14"]
[Source "Greek Chess Fed"]

1. e4 c5 2. Nf3 d6 3. c3 g6 4. d4 cxd4 5. cxd4 Bg7 6. h3 Nf6 7. Bd3 O-O 8. O-O
Nbd7 9. Nc3 a6 10. Bg5 h6 11. Be3 Ne8 12. Qd2 Kh7 13. Rac1 Nc7 14. d5 Ne8 15.
Nd4 Nc5 16. Bb1 e5 17. dxe6 Nxe6 18. Nf5 Bxc3 19. Rxc3 gxf5 20. exf5 Ng5 21.
f6+ Kh8 22. Bxg5 Qa5 23. Bxh6 Rg8 24. Bg7+ Rxg7 25. Qh6+ 1-0

[Event "Acropolis 2007"]
[Site "Athens"]
[Date "2007.08.14"]
[Round "1.38"]
[White "Grigoriadis, Alexandros"]
[Black "Petraki, Maria"]
[Result "1/2-1/2"]
[WhiteElo "2362"]
[BlackElo "2069"]
[Annotator "Michailidis Anastasios"]
[PlyCount "87"]
[EventDate "2007.08.14"]
[Source "Greek Chess Fed"]

1. Nf3 Nf6 2. g3 g6 3. Bg2 Bg7 4. O-O O-O 5. c4 d5 6. d4 Nc6 7. Na3 dxc4 8.
Nxc4 Be6 9. b3 Bd5 10. Bb2 a5 11. Rc1 a4 12. bxa4 Nb4 13. Qb3 Nc6 14. Qb5 Na7
15. Qc5 Nc6 16. Nfe5 Rxa4 17. Bxd5 Qxd5 18. Nxc6 bxc6 19. Ne5 Rxa2 20. Ba3 Ra8
21. Bb4 e6 22. e3 Qxc5 23. Bxc5 R2a6 24. Rc2 Ne4 25. Nd3 Rb8 26. Rfc1 Nxc5 27.
Nxc5 Ra3 28. Ne4 e5 29. dxe5 Bxe5 30. Rxc6 Rb4 31. Nf6+ Bxf6 32. Rxf6 Kg7 33.
Rfc6 Rb2 34. R1c4 Raa2 35. Rf4 Rb7 36. h4 h5 37. Kg2 Rd2 38. Rcf6 c5 39. Rc6
Rc2 40. Kf3 Re7 41. Ra4 Rd7 42. Rf4 Re7 43. Rc8 Rd7 44. Rc6 1/2-1/2